00357nam a2200145Ia 4500008004100000020001800041041000800059082001600067100001800083245004500101260002300146300000800169365001600177700001800193230718s9999 xx 000 0 und d a9781935707066 aeng a510.76bMAN aManhattan GRE aWord Translations bGRE Strategy Guide 5 c2010bMG Prep Inc. a144 cRs.b936.00 aManhattan GRE